University Home | Library Home | Institutional Repository

The molds and man. (Record no. 173179)

MARC details
000 -LEADER
fixed length control field 00594cam5a220021700 4500
001 - CONTROL NUMBER
control field zam00003347
008 - FIXED-LENGTH DATA ELEMENTS--GENERAL INFORMATION
fixed length control field 951128s1961 xx eng u
035 ## - SYSTEM CONTROL NUMBER
System control number (Sirsi) r20676
035 ## - SYSTEM CONTROL NUMBER
System control number (MACHINE)SLC.
100 ## - MAIN ENTRY--PERSONAL NAME
Personal name Christensen, C. M.
Linkage A80592.2
245 14 - TITLE STATEMENT
Title The molds and man.
260 ## - PUBLICATION, DISTRIBUTION, ETC.
Date of publication, distribution, etc. 1961.
591 ## -
-- Class code: BS 221/222.
591 ## -
-- Course: Introductory biology.
591 ## -
-- School: S09.
591 ## -
-- Lecturer: Prof. KAPOORIA, R.G.
591 ## -
-- Number of Students: 103.
949 ## - LOCAL PROCESSING INFORMATION (OCLC)
a QK601
w lcc
m MAIN
p 2500
t BOOK
l ON-SHELF
909 ## -
-- Book

No items available.

© 2026 - The University of Zambia Library - Koha v25.11